00864cam a2200241 a 450000100070000000500170000700800410002402000170006502000240008204000180010608200190012410000250014324501380016826000280030630000180033450000820035265000190043465000260045370000350047994200060051495200890052099900130060995896820240202002817.0850710s1984 enk b 000 0aeng  a0860910830 : a0860917886 (pbk.) : aDLCcDLCdDLC00a305.b19cMEN.1 aMenchú, Rigoberta.10aI, Rigoberta Menchú :ban Indian woman in Guatemala /cedited and introduced by Elisabeth Burgos-Debray ; translated by Ann Wright. aLondon :bVerso,c1984. axxi, 251 p. ; aTranslation of: Me llamo Rigoberta Menchú y así me nació la conciencia. 0aQuiché women 0aWomen revolutionaries1 aBurgos-Debray, Elisabeth.eedt cL 001040708LaWERCLbWERCLd2024-02-02l0o305. 19p2192r2024-02-02w2024-02-02yL c265d265